Wycombe Wanderers Trivia - Statistics

General Stats
  • This quiz has been taken 16 times
  • The average score is 9 of 15
Answer Stats
Question Answer % Correct
What is the name of Wycombe Wanderers’s stadium? Adams Park
100%
What is Wycombe Wanderers’s nickname? The {Chairboys}
92%
Who is the current head coach of Wycombe Wanderers? Mike Dodds
83%
Which striker, nicknamed "The Beast", is Wycombe Wanderers's all-time top goalscorer in the EFL? Adebayo Akinfenwa
75%
Who won promotion to League One with Wycombe Wanderers in 2011 as a player, before guiding them to the Championship as manager in 2020? Gareth Ainsworth
75%
Who is the current captain of Wycombe Wanderers? Jack Grimmer
75%
Who is Wycombe Wanderers’s record signing, arriving from Viborg for £800k in 2025? Magnus Westergaard
67%
With which club does Wycombe Wanderers contest the M40 Derby? Oxford United
67%
Who were Wycombe Wanderers' opponents in the Semi-Finals of the 2000/01 FA Cup, during their best-ever run in the competition? Liverpool
58%
Who is Wycombe Wanderers’s record sale, joining Nottingham Forest for £675k in 2005? Nathan Tyson
42%
Which Wycombe Wanderers manager guided them to consecutive promotions from the Conference to the Second Division, as well as two FA Trophies? Martin O'Neill
33%
Which Englishman is Wycombe Wanderers’s record appearance-maker with 749? Tony Horseman
25%
Which Englishman is Wycombe Wanderers's record goalscorer with 416? Tony Horseman
25%
Which legendary Wycombe Wanderers manager guided the club to four Isthmian League titles in the 1970s? Brian Lee
17%
Who was Wycombe Wanderers's top scorer in the 1992/93 season, as they claimed both the Conference title and the FA Trophy? Keith Scott
17%
No matching quizzes found
Score Distribution
Percent of People with Each Score
Percentile by Number Answered
Your Score History
You have not taken this quiz